00403nam a2200169Ia 4500003000900000008004100009040001600050080001600066100002100082245002700103250001200130260003400142300001300176650001300189650000900202650002200211IN-BaIIA211028s9999 xx 000 0 eng d cIIA Library a523.43bLOW aLowell, Percival 0aMarscPercival Lowell a2nd ed. aLondonbLongmans, Greenc1896 ax, 228p. aArchives aMars aPlanetary Systems